<?xml version="1.0" encoding="UTF-8"?><?xml-stylesheet type="text/xsl" href="static/style.xsl"?><OAI-PMH xmlns="http://www.openarchives.org/OAI/2.0/" xmlns:xsi="http://www.w3.org/2001/XMLSchema-instance" xsi:schemaLocation="http://www.openarchives.org/OAI/2.0/ http://www.openarchives.org/OAI/2.0/OAI-PMH.xsd"><responseDate>2026-04-17T20:25:42Z</responseDate><request verb="GetRecord" identifier="oai:www.recercat.cat:2445/138503" metadataPrefix="marc">https://recercat.cat/oai/request</request><GetRecord><record><header><identifier>oai:recercat.cat:2445/138503</identifier><datestamp>2025-12-04T20:56:53Z</datestamp><setSpec>com_2072_1057</setSpec><setSpec>col_2072_478796</setSpec><setSpec>col_2072_478815</setSpec><setSpec>col_2072_478917</setSpec><setSpec>col_2072_478933</setSpec></header><metadata><record xmlns="http://www.loc.gov/MARC21/slim" xmlns:dcterms="http://purl.org/dc/terms/" xmlns:xsi="http://www.w3.org/2001/XMLSchema-instance" xmlns:doc="http://www.lyncode.com/xoai" xsi:schemaLocation="http://www.loc.gov/MARC21/slim http://www.loc.gov/standards/marcxml/schema/MARC21slim.xsd">
   <leader>00925njm 22002777a 4500</leader>
   <datafield ind2=" " ind1=" " tag="042">
      <subfield code="a">dc</subfield>
   </datafield>
   <datafield ind2=" " ind1=" " tag="720">
      <subfield code="a">Le Roux, Anabel-Lise</subfield>
      <subfield code="e">author</subfield>
   </datafield>
   <datafield ind2=" " ind1=" " tag="720">
      <subfield code="a">Busquets i Viñas, Ma. Antonia</subfield>
      <subfield code="e">author</subfield>
   </datafield>
   <datafield ind2=" " ind1=" " tag="720">
      <subfield code="a">Sagués i Mestre, Francesc</subfield>
      <subfield code="e">author</subfield>
   </datafield>
   <datafield ind2=" " ind1=" " tag="720">
      <subfield code="a">Pons Vallès, Miquel</subfield>
      <subfield code="e">author</subfield>
   </datafield>
   <datafield ind2=" " ind1=" " tag="260">
      <subfield code="c">2019-07-29T10:54:29Z</subfield>
   </datafield>
   <datafield ind2=" " ind1=" " tag="260">
      <subfield code="c">2019-07-29T10:54:29Z</subfield>
   </datafield>
   <datafield ind2=" " ind1=" " tag="260">
      <subfield code="c">2016-02-01</subfield>
   </datafield>
   <datafield ind2=" " ind1=" " tag="260">
      <subfield code="c">2019-07-29T10:54:29Z</subfield>
   </datafield>
   <datafield ind2=" " ind1=" " tag="520">
      <subfield code="a">Cell signaling by the c-Src proto-oncogen requires the attachment of the protein to the inner side of theplasma membrane through the myristoylated N-terminal region, known as the SH4 domain. Additionalbinding regions of lower affinity are located in the neighbor intrinsically disordered Unique domainand the structured SH3 domain. Here we present a surface plasmon resonance study of the binding of amyristoylated protein including the SH4, Unique and SH3 domains of c-Src to immobilized liposomes. Twodistinct binding processes were observed: a fast and a slow one. The second process lead to a persistentlybound form (PB) with a slower binding and a much slower dissociation rate than the first one. Theassociation and dissociation of the PB form could be detected using an anti-SH4 antibody. The kineticanalysis revealed that binding of the PB form follows a second order rate law suggesting that it involvesthe formation of c-Src dimers on the membrane surface. A kinetically equivalent PB form is observedin a myristoylated peptide containing only the SH4 domain but not in a construct including the threedomains but with a 12-carbon lauroyl substituent instead of the 14-carbon myristoyl group. The PB formis observed with neutral lipids but its population increases when the immobilized liposomes containnegatively charged lipids. We suggest that the PB form may represent the active signaling form of c-Srcwhile the labile form provides the capacity for fast 2D search of the target signaling site on the membranesurface</subfield>
   </datafield>
   <datafield tag="653" ind2=" " ind1=" ">
      <subfield code="a">Membranes cel·lulars</subfield>
   </datafield>
   <datafield tag="653" ind2=" " ind1=" ">
      <subfield code="a">Proteïnes</subfield>
   </datafield>
   <datafield tag="653" ind2=" " ind1=" ">
      <subfield code="a">Cell membranes</subfield>
   </datafield>
   <datafield tag="653" ind2=" " ind1=" ">
      <subfield code="a">Proteins</subfield>
   </datafield>
   <datafield ind2="0" ind1="0" tag="245">
      <subfield code="a">Kinetics characterization of c-Src binding to lipid membranes: switching from labile to persistent binding</subfield>
   </datafield>
</record></metadata></record></GetRecord></OAI-PMH>